| 000 -LEADER |
| fixed length control field |
00815nam a22002297a 4500 |
| 008 - FIXED-LENGTH DATA ELEMENTS--GENERAL INFORMATION |
| fixed length control field |
150521b xxu||||| |||| 00| 0 eng d |
| 020 ## - INTERNATIONAL STANDARD BOOK NUMBER |
| International Standard Book Number |
0023447206 |
| 050 ## - |
| -- |
eng |
| 080 ## - UNIVERSAL DECIMAL CLASSIFICATION NUMBER |
| Universal Decimal Classification number |
615.1 |
| 100 1# - Rafti |
| Rafti |
Goodman, Louis S. |
| 100 1# - Rafti |
| -- |
1906-2000. |
| 240 10 - UNIFORM TITLE |
| Uniform title |
<a href="Pharmacological basis of therapeutics">Pharmacological basis of therapeutics</a> |
| 245 10 - TITLE STATEMENT |
| Title |
Goodman and Gilman's The pharmacological basis of therapeutics / |
| Statement of responsibility, etc |
[editors, Alfred Goodman Gilman, Louis S. Goodman, Alfred Gilman, associate editors, Steven E. Mayer, Kenneth L. Melmon]. |
| 250 ## - |
| -- |
6th ed. |
| 260 ## - |
| -- |
New York : |
| -- |
Macmillan, |
| -- |
c1980. |
| 300 ## - |
| -- |
1843 f. : |
| -- |
me il. ; |
| -- |
26 cm. |
| 650 #0 - |
| -- |
Farmakologji |
| 650 #0 - |
| -- |
Kemoterapi |
| 650 #2 - |
| -- |
Terapi me barna |
| 700 1# - |
| -- |
Gilman, Alfred Goodman, |
| -- |
1941-, |
| -- |
editor. |
| 700 1# - |
| -- |
Gilman, Alfred, |
| -- |
1908-1984, |
| -- |
editor. |
| 942 ## - ADDED ENTRY ELEMENTS (KOHA) |
| Source of classification or shelving scheme |
|
| Item type |
Books |